000
00315nam a22001217a 4500
008
230606b xxu||||| |||| 00| 0 eng d
082
_a
352.4
_b
KEN
110
_b
Ministry of Finance
245
_a
Quarterly Budget review
_b
First quarter 2006/2007
250
_a
December, 2006 Edition
300
_a
25p
942
_2
ddc
_c
BK
999
_c
605
_d
605